Normal view MARC view

Entry Personal Name

Number of records used in: 1

001 - CONTROL NUMBER

  • control field: 14602

003 - CONTROL NUMBER IDENTIFIER

  • control field: OSt

005 - DATE AND TIME OF LATEST TRANSACTION

  • control field: 20211105133822.0

008 - FIXED-LENGTH DATA ELEMENTS

  • fixed length control field: 211105|| aca||aabn | a|a d

040 ## - CATALOGING SOURCE

  • Original cataloging agency: OSt
  • Transcribing agency: OSt

100 ## - HEADING--PERSONAL NAME

  • Personal name: Feast, M W

670 ## - SOURCE DATA FOUND

  • Source citation: Work cat.: (OSt): Hidayat, B 14600, Proceedings of the second asian-pacific regional meeting on astronomy Bandung, Indonesia, 24 - 29 August, 1981, 1984

Powered by Koha